[Event "Titled Tuesday intern op 23rd Nov"]
[Site "Chess.com INT"]
[Date "2021.11.23"]
[Round "1"]
[White "Lewtak, Damian"]
[Black "Findlay, Ian T"]
[Result "1/2-1/2"]
[WhiteElo "2381"]
[BlackElo "2156"]
[PlyCount "171"]
[EventDate "2021.11.23"]
[EventType "swiss (blitz)"]
[EventRounds "11"]
[EventCountry "USA"]
[SourceTitle "CBM 205 Extra"]
[Source "ChessBase"]
[SourceDate "2022.01.31"]
[SourceVersion "1"]
[SourceVersionDate "2022.01.31"]
[SourceQuality "1"]

1. d4 Nf6 2. c3 e6 3. Bf4 d5 4. e3 c5 5. Nd2 Nc6 6. Ngf3 Be7 7. h3 Bd6 8. Bxd6 Qxd6 9. Bb5 Bd7 10. Qa4 0-0 11. 0-0 a6 12. Bxc6 Bxc6 13. Qa3 Nd7 14. Nb3 b6 15. c4 dxc4 16. dxc5 Nxc5 17. Nxc5 Bxf3 18. gxf3 Qxc5 19. Qxc5 bxc5 20. Rac1 Rfb8 21. Rc2 Rb4 22. Rd1 g6 23. Rd6 a5 24. Rc6 Rb5 25. a4 Rb4 26. Rxc5 Rxa4 27. R5xc4 Rxc4 28. Rxc4 Rb8 29. Rc2 Kg7 30. Kf1 Kf6 31. f4 Rb3 32. Ke2 a4 33. Kd2 a3 34. bxa3 Rxa3 35. Ke2 Ra1 36. Kf3 h5 37. Kg2 Ra3 38. Rc7 Ra2 39. Rb7 Ra3 40. Kg3 Ra2 41. Kf3 Ra3 42. h4 Ra4 43. e4 Ra3+ 44. Kg2 Kg7 45. f3 Kf6 46. Kg3 Kg7 47. f5 exf5 48. exf5 gxf5 49. Kf4 Ra4+ 50. Kg5 Ra3 51. f4 Rg3+ 52. Kxh5 Rg4 53. Rb4 Rg6 54. Rb5 Kf6 55. Rb6+ Kg7 56. Rxg6+ fxg6+ 57. Kg5 Kh7 58. Kf6 Kh6 59. Kf7 Kh7 60. Ke8 Kg7 61. Ke7 Kh6 62. Kf6 Kh7 63. Kg5 Kg7 64. h5 gxh5 65. Kxh5 Kf6 66. Kh6 Kf7 67. Kg5 Kg7 68. Kh5 Kf7 69. Kh6 Kf6 70. Kh7 Kf7 71. Kh6 Kf6 72. Kh5 Kf7 73. Kg5 Kg7 74. Kxf5 Kf7 75. Kg5 Kg7 76. f5 Kf7 77. f6 Kf8 78. Kg6 Kg8 79. Kf5 Kf7 80. Ke5 Kf8 81. Ke6 Ke8 82. Kf5 Kf7 83. Kg5 Kf8 84. Kg6 Kg8 85. f7+ Kf8 86. Kf6 1/2-1/2

[Event "Titled Tuesday intern op 16th Nov"]
[Site "Chess.com INT"]
[Date "2021.11.16"]
[Round "9"]
[White "Brunner, Nicolas"]
[Black "Findlay, Ian T"]
[Result "1/2-1/2"]
[WhiteElo "2407"]
[BlackElo "2156"]
[PlyCount "118"]
[EventDate "2021.11.16"]
[EventType "swiss (blitz)"]
[EventRounds "11"]
[EventCountry "USA"]
[SourceTitle "CBM 205 Extra"]
[Source "ChessBase"]
[SourceDate "2022.01.31"]
[SourceVersion "1"]
[SourceVersionDate "2022.01.31"]
[SourceQuality "1"]

1. d4 Nf6 2. c4 c5 3. d5 e6 4. Nc3 exd5 5. cxd5 d6 6. Nf3 g6 7. g3 Bg7 8. Bg2 0-0 9. 0-0 a6 10. a4 Nbd7 11. Nd2 Rb8 12. Nc4 Nb6 13. Na3 Bd7 14. a5 Na8 15. Nc4 Bb5 16. Na3 Nc7 17. Re1 b6 18. axb6 Rxb6 19. e4 Nd7 20. f4 Re8 21. Be3 h5 22. Bf2 Nf6 23. h3 Nd7 24. Qd2 Rb8 25. Rad1 Nb6 26. e5 Nc4 27. Nxc4 Bxc4 28. exd6 Qxd6 29. Rxe8+ Rxe8 30. Ne4 Qb6 31. Bxc5 Qxb2 32. Qxb2 Bxb2 33. d6 Ne6 34. d7 Rb8 35. Ba7 Rf8 36. Bb6 Nd8 37. Nd6 Be6 38. Ne8 Bxd7 39. Rxd7 Ne6 40. Nd6 Rb8 41. Rb7 Rxb7 42. Bxb7 h4 43. gxh4 Nxf4 44. Bg2 Bf6 45. Bf2 a5 46. Bg3 Ne2+ 47. Kf2 Nxg3 48. Kxg3 Be5+ 49. Kg4 Bxd6 50. Bd5 a4 51. h5 gxh5+ 52. Kxh5 Kg7 53. Kg5 a3 54. Kf5 Bc5 55. h4 Bb4 56. h5 Be7 57. h6+ Kxh6 58. Bxf7 Bb4 59. Ke4 Bc5 1/2-1/2

[Event "Banff op"]
[Site "Banff"]
[Date "2021.11.14"]
[Round "6"]
[White "Jung, Hans Rudolf"]
[Black "Findlay, Ian T"]
[Result "0-1"]
[WhiteElo "2033"]
[BlackElo "2156"]
[PlyCount "70"]
[EventDate "2021.11.12"]
[EventType "swiss"]
[EventRounds "6"]
[EventCountry "CAN"]
[SourceTitle "CBM 205 Extra"]
[Source "ChessBase"]
[SourceDate "2022.01.31"]
[SourceVersion "1"]
[SourceVersionDate "2022.01.31"]
[SourceQuality "1"]

1. Nc3 d5 2. e4 dxe4 3. Nxe4 Nf6 4. Nxf6+ exf6 5. d4 Bd6 6. Bd3 c6 7. Ne2 Qe7 8. h3 0-0 9. Be3 Nd7 10. Qd2 Re8 11. 0-0 Nf8 12. Bf4 Ng6 13. Bxd6 Qxd6 14. c3 Be6 15. f4 f5 16. Ng3 Ne7 17. Qc2 g6 18. Qf2 Nd5 19. Bc2 a5 20. Bb3 a4 21. Bxd5 Bxd5 22. a3 Re7 23. Qd2 Rae8 24. Rf2 Bc4 25. Rf3 h5 26. Qf2 Qf6 27. Nf1 Re2 28. Qg3 h4 29. Qg5 Qxg5 30. fxg5 Rxb2 31. Re3 Rxe3 32. Nxe3 Bd3 33. Rd1 Be4 34. c4 Kf8 35. d5 Re2 0-1

[Event "Banff op"]
[Site "Banff"]
[Date "2021.11.13"]
[Round "4"]
[White "Chen, Jeffrey"]
[Black "Findlay, Ian T"]
[Result "0-1"]
[WhiteElo "1722"]
[BlackElo "2156"]
[PlyCount "60"]
[EventDate "2021.11.12"]
[EventType "swiss"]
[EventRounds "6"]
[EventCountry "CAN"]
[SourceTitle "CBM 205 Extra"]
[Source "ChessBase"]
[SourceDate "2022.01.31"]
[SourceVersion "1"]
[SourceVersionDate "2022.01.31"]
[SourceQuality "1"]

1. e4 c5 2. Nc3 Nc6 3. g3 g6 4. Bg2 Bg7 5. d3 d6 6. Nh3 Nf6 7. 0-0 Rb8 8. a4 a6 9. Ne2 b5 10. axb5 axb5 11. f4 Bb7 12. c3 Ra8 13. Rxa8 Qxa8 14. Qb3 0-0 15. Qxb5 Ba6 16. Qa4 Bxd3 17. Qxa8 Rxa8 18. e5 Ne4 19. Re1 Ra1 20. Nf2 Nxf2 21. Kxf2 Na5 22. exd6 exd6 23. Rd1 c4 24. Re1 Nb3 25. Be3 Ra2 26. Bd4 Nxd4 27. Nxd4 Rxb2+ 28. Kg1 Bxd4+ 29. cxd4 c3 30. Be4 Bxe4 0-1